000
00324nam a2200133Ia 4500
008
231129s1960||||xx |||||||||||||| ||spa||
040
_b
spa
082
_a
R 443.61 M385d
100
_a
Martinez Amador Emilio M.
245
0
_a
Diccionario : frances - espaƱol
260
_c
1960
264
_a
Ramon Sopena
942
_2
ddc
_c
BKS
999
_c
9281
_d
9281